| Tag |
First Indicator |
Second Indicator |
Subfields |
| LEADER |
00000cam a2200000 i 4500 |
| 001 |
in00000049706 |
| 005 |
20220103114733.0 |
| 007 |
cr unu a |
| 008 |
800610s1979 txua b 00010 eng d |
| 035 |
|
|
|9 AAF0247AM
|
| 035 |
|
|
|a (OCoLC)06404877
|
| 040 |
|
|
|a TXA
|c TXA
|d UtOrBLW
|
| 049 |
|
|
|a TXAZ [Also in] [Archives]
|c [1243322], 2 [1243323]
|
| 099 |
|
|
|a 1979
|a Thesis
|a A187
|
| 100 |
1 |
|
|a Acra, Michel Aftim.
|
| 245 |
1 |
0 |
|a Fungicidal control of Phthium Aphanidermatum in hydroponically grown tomatoes /
|c by Michel Aftim Acra.
|
| 264 |
|
1 |
|a [College Station, Tex] :
|b Acra,
|c 1979.
|
| 300 |
|
|
|a viii, 46 leaves :
|b color illustrations ;
|c 28 cm.
|
| 336 |
|
|
|a text
|b txt
|2 rdacontent
|
| 337 |
|
|
|a computer
|b c
|2 rdamedia
|
| 338 |
|
|
|a online resource
|b cr
|2 rdacarrier
|
| 500 |
|
|
|a "Major subject: Horticulture."
|
| 500 |
|
|
|a Vita.
|
| 502 |
|
|
|b M.S.
|c Texas A&M University.
|
| 504 |
|
|
|a Bibliography: leaves 39-45.
|
| 530 |
|
|
|a Also available online.
|
| 650 |
|
0 |
|a Fungi in agriculture.
|
| 650 |
|
0 |
|a Tomatoes
|x Diseases and pests.
|
| 650 |
|
4 |
|a Major horticulture.
|
| 856 |
4 |
1 |
|u https://hdl.handle.net/1969.1/ETD-TAMU-1979-THESIS-A187
|z Link to OAKTrust copy
|t 0
|
| 999 |
|
|
|a MARS
|
| 999 |
f |
f |
|s 540777e9-b73e-300b-9e74-102b3b260c40
|i df9304fb-f691-3157-b806-a76823de4712
|t 0
|
| 952 |
f |
f |
|p noncirc
|a Texas A&M University
|b J.J. Pickle Campus
|c High Density Repository
|s HDR
|d Remote Storage
|t 0
|e 1979 Thesis A187
|h Other scheme
|i computer -- online resource
|m A14840995462
|
| 952 |
f |
f |
|a Texas A&M University
|b College Station
|c Electronic Resources
|s www_evans
|d Available Online
|t 0
|e 1979 Thesis A187
|h Other scheme
|
| 998 |
f |
f |
|a 1979 Thesis A187
|t 0
|l Remote Storage
|
| 998 |
f |
f |
|a 1979 Thesis A187
|t 0
|l Available Online
|